00478nam a2200085Ia 4500008004100000245002100041300026800062650000900330856005300339170517s9999 xx 000 0 und d aAmerican Visions aAmerican Visions, an eight-part series on American art written and narrated by Time magazine art critic Robert Hughes, is both an account of American life and a tribute to American art that will likely propel thousands of the not-yet-converted into museums and... xArt. uhttp://topdocumentaryfilms.com/american-visions/